[Event "Florianopolis op 10th"]
[Site "Florianopolis"]
[Date "2024.01.20"]
[Round "1"]
[White "Guimaraes, Victor Carib Crosla"]
[Black "Starke, Bruno Orlando"]
[Result "0-1"]
[WhiteElo "1522"]
[BlackElo "2145"]
[PlyCount "38"]
[EventDate "2024.01.20"]
[EventType "swiss"]
[EventRounds "10"]
[EventCountry "BRA"]
[SourceTitle "CB05_2024"]
[SourceDate "2024.01.31"]
[SourceVersion "1"]
[SourceVersionDate "2024.01.31"]
[SourceQuality "1"]

1. d4 d5 2. Bf4 Nf6 3. e3 c5 4. c3 Nc6 5. Nd2 Qb6 6. Qb3 c4 7. Qc2 Bg4 8. b3 cxb3 9. axb3 Rc8 10. c4 Nxd4 11. Qd3 Nc6 12. cxd5 Nb4 13. Qb5+ Nd7 14. f3 Nc2+ 15. Kf2 Qxb5 16. Bxb5 Nxa1 17. fxg4 Rc1 18. Ngf3 Rxh1 19. Ne5 f6 0-1

[Event "Catarinense-ch"]
[Site "Itajai"]
[Date "2023.11.24"]
[Round "2"]
[White "Starke, Bruno Orlando"]
[Black "De Souza, Alexandre Santos"]
[Result "1-0"]
[WhiteElo "2133"]
[BlackElo "1702"]
[PlyCount "65"]
[EventDate "2023.11.24"]
[EventType "swiss"]
[EventRounds "6"]
[EventCountry "BRA"]
[SourceTitle "CB50_2023"]
[SourceDate "2023.12.13"]
[SourceVersion "1"]
[SourceVersionDate "2023.12.13"]
[SourceQuality "1"]

1. Nf3 Nf6 2. c4 g6 3. Nc3 Bg7 4. g3 0-0 5. Bg2 d6 6. d4 c5 7. 0-0 Nc6 8. d5 Na5 9. Nd2 a6 10. Qc2 Bd7 11. b3 e5 12. dxe6 fxe6 13. Bb2 Nc6 14. Nde4 Nd4 15. Qd2 Bc6 16. Rad1 Nxe4 17. Nxe4 Bxe4 18. Bxe4 d5 19. cxd5 exd5 20. Bg2 Rc8 21. f4 b5 22. e3 Nf5 23. Bxd5+ Kh8 24. Bxg7+ Kxg7 25. e4 Nh6 26. Bb7 Qxd2 27. Rxd2 Rce8 28. Rd7+ Rf7 29. Rfd1 Re6 30. Rxf7+ Nxf7 31. Rd7 c4 32. bxc4 bxc4 33. Bd5 1-0

[Event "Timbo op 3rd"]
[Site "Timbo"]
[Date "2023.11.04"]
[Round "2"]
[White "Starke, Bruno Orlando"]
[Black "Zago, Caroline Datora"]
[Result "1-0"]
[WhiteElo "2133"]
[BlackElo "1570"]
[PlyCount "117"]
[EventDate "2023.11.03"]
[EventType "swiss"]
[EventRounds "6"]
[EventCountry "BRA"]
[SourceTitle "CB49_2023"]
[SourceDate "2023.12.06"]
[SourceVersion "1"]
[SourceVersionDate "2023.12.06"]
[SourceQuality "1"]

1. c4 e5 2. Nc3 f5 3. e3 Nf6 4. d4 d6 5. dxe5 dxe5 6. Qxd8+ Kxd8 7. b3 Be6 8. Bb2 Nbd7 9. Nf3 c6 10. Be2 Bd6 11. 0-0 Re8 12. Rfd1 Kc7 13. Rac1 a6 14. Na4 Bg8 15. Bc3 a5 16. Rc2 Ne4 17. Bb2 Ndc5 18. Nxc5 Nxc5 19. Rcd2 Ne4 20. Rxd6 Nxd6 21. Bxe5 Rxe5 22. Nxe5 Re8 23. Nd3 Ne4 24. Bf3 Ng5 25. Bh5 g6 26. Be2 Ne4 27. Bf1 Rd8 28. Nb2 Nc3 29. Rxd8 Kxd8 30. a3 Nb1 31. b4 axb4 32. axb4 Nd2 33. f3 Nxf1 34. Kxf1 Kc7 35. c5 b6 36. Ke2 bxc5 37. bxc5 Kd7 38. Kd3 Ke6 39. Kd4 Kf6 40. Nd3 Bf7 41. Ne5 Be8 42. h4 h5 43. e4 g5 44. hxg5+ Kxg5 45. Nc4 fxe4 46. Kxe4 Bg6+ 47. Ke5 Bd3 48. Ne3 Bb5 49. f4+ Kg6 50. g3 Bd3 51. Ng2 Kf7 52. Nh4 Ke7 53. f5 Kf7 54. Ng6 Be2 55. Nf4 Bg4 56. Ne6 Ke7 57. f6+ Ke8 58. Ng5 Bd7 59. Kd6 1-0

[Event "Florianopolis op-A"]
[Site "Florianopolis"]
[Date "2023.09.24"]
[Round "6"]
[White "Goncalves, Davi Sulzbacher"]
[Black "Starke, Bruno Orlando"]
[Result "1-0"]
[WhiteElo "2282"]
[BlackElo "2128"]
[PlyCount "83"]
[EventDate "2023.09.22"]
[EventType "swiss"]
[EventRounds "6"]
[EventCountry "BRA"]
[SourceTitle "EXT 2024"]
[Source "ChessBase"]
[SourceDate "2023.10.10"]
[SourceVersion "1"]
[SourceVersionDate "2023.10.10"]
[SourceQuality "1"]

1. d4 d5 2. c4 e6 3. Nf3 Nf6 4. g3 dxc4 5. Bg2 Bb4+ 6. Bd2 a5 7. 0-0 Bxd2 8. Nbxd2 b5 9. a4 c6 10. e4 0-0 11. e5 Nd5 12. Ne4 Nd7 13. Nd6 Ba6 14. h4 f6 15. Re1 fxe5 16. Nxe5 Nxe5 17. dxe5 Qb6 18. Rf1 Ra7 19. Be4 b4 20. Qh5 g6 21. Qg4 c3 22. Qxe6+ Kh8 23. Bxd5 Bxf1 24. Rxf1 c2 25. Ne4 Qd4 26. Qd6 Kg7 27. Qxc6 Qxe5 28. Ng5 Rf6 29. Ne6+ Kh6 30. g4 Rxe6 31. Qxe6 Qxe6 32. Bxe6 Rc7 33. Rc1 Re7 34. Bd5 Rd7 35. Bb3 Rd4 36. f3 g5 37. hxg5+ Kxg5 38. Kf2 Kf4 39. Rxc2 Rd3 40. Rc4+ Kg5 41. Rc5+ Kf6 42. g5+ 1-0

[Event "Florianopolis op-A"]
[Site "Florianopolis"]
[Date "2023.09.24"]
[Round "5"]
[White "Starke, Bruno Orlando"]
[Black "Lima, Stefan Moisei Vieir"]
[Result "1-0"]
[WhiteElo "2128"]
[BlackElo "2101"]
[PlyCount "47"]
[EventDate "2023.09.22"]
[EventType "swiss"]
[EventRounds "6"]
[EventCountry "BRA"]
[SourceTitle "EXT 2024"]
[Source "ChessBase"]
[SourceDate "2023.10.10"]
[SourceVersion "1"]
[SourceVersionDate "2023.10.10"]
[SourceQuality "1"]

1. Nf3 Nf6 2. c4 c5 3. Nc3 d5 4. cxd5 Nxd5 5. e4 Nc7 6. d4 cxd4 7. Qxd4 Qxd4 8. Nxd4 a6 9. Bf4 Kd8 10. Rc1 Nd7 11. Bg3 e5 12. Nb3 f6 13. Be2 Bd6 14. 0-0 Ke7 15. Rfd1 b6 16. Rc2 Rd8 17. Rcd2 Nf8 18. f3 Be6 19. Bf2 Rab8 20. Na4 b5 21. Na5 Bd7 22. Nc5 Be8 23. Nab7 Nfe6 24. Nxd6 1-0

[Event "Caioba op 7th"]
[Site "Caioba"]
[Date "2023.06.20"]
[Round "4"]
[White "Britez, G Jorge A"]
[Black "Starke, Bruno Orlando"]
[Result "0-1"]
[WhiteElo "1730"]
[BlackElo "2102"]
[PlyCount "48"]
[EventDate "2023.06.18"]
[EventType "swiss"]
[EventRounds "9"]
[EventCountry "BRA"]
[SourceTitle "CBM 214 Extra"]
[Source "ChessBase"]
[SourceDate "2023.07.31"]
[SourceVersion "1"]
[SourceVersionDate "2023.07.31"]
[SourceQuality "1"]

1. e4 c5 2. Nf3 e6 3. d4 cxd4 4. Nxd4 Nc6 5. Nc3 Qc7 6. Be3 a6 7. Qf3 Nf6 8. Qg3 Qxg3 9. hxg3 Ng4 10. Nxc6 Nxe3 11. Nd4 Nxf1 12. Kxf1 b5 13. Nce2 Bb7 14. f3 Rc8 15. c3 Bc5 16. a3 e5 17. Nc2 d5 18. exd5 Bxd5 19. Nb4 Bb7 20. Rd1 0-0 21. Nc1 Rcd8 22. Ke2 e4 23. Nb3 exf3+ 24. gxf3 Rfe8+ 0-1

[Event "Caioba op 7th"]
[Site "Caioba"]
[Date "2023.06.18"]
[Round "1"]
[White "Starke, Bruno Orlando"]
[Black "Ruvieri, Daniel Minami"]
[Result "1-0"]
[WhiteElo "2102"]
[BlackElo "1313"]
[PlyCount "61"]
[EventDate "2023.06.18"]
[EventType "swiss"]
[EventRounds "9"]
[EventCountry "BRA"]
[SourceTitle "CBM 214 Extra"]
[Source "ChessBase"]
[SourceDate "2023.07.31"]
[SourceVersion "1"]
[SourceVersionDate "2023.07.31"]
[SourceQuality "1"]

1. c4 e5 2. Nc3 Nf6 3. Nf3 d6 4. d4 Nbd7 5. e4 Be7 6. Be2 0-0 7. 0-0 b6 8. b3 Bb7 9. d5 a5 10. Rb1 Nc5 11. Qc2 Qd7 12. h3 h6 13. Be3 Na6 14. a3 Rfc8 15. b4 axb4 16. axb4 Rcb8 17. Rfd1 Ra7 18. Ne1 Raa8 19. Nd3 Qe8 20. Bf3 Nd7 21. Na4 Qf8 22. Rdc1 Ra7 23. c5 bxc5 24. bxc5 Naxc5 25. Naxc5 Nxc5 26. Nxc5 dxc5 27. Bxc5 Bxc5 28. Qxc5 Qxc5 29. Rxc5 Rc8 30. Bg4 Rca8 31. Rxc7 1-0

[Event "Florianopolis op-A 04"]
[Site "Florianopolis"]
[Date "2023.04.30"]
[Round "4"]
[White "Starke, Bruno Orlando"]
[Black "De Almeida, Cesar Ricardo"]
[Result "1-0"]
[WhiteElo "2114"]
[BlackElo "1793"]
[PlyCount "57"]
[EventDate "2023.04.28"]
[EventType "swiss"]
[EventRounds "6"]
[EventCountry "BRA"]
[SourceTitle "CBM 214 Extra"]
[Source "ChessBase"]
[SourceDate "2023.07.31"]
[SourceVersion "1"]
[SourceVersionDate "2023.07.31"]
[SourceQuality "1"]

1. Nf3 d5 2. c4 c6 3. g3 Nf6 4. Bg2 Bf5 5. Qb3 Qc8 6. cxd5 cxd5 7. Nc3 e6 8. d3 Nc6 9. Bf4 Bb4 10. 0-0 0-0 11. Rac1 Qd7 12. Ne5 Nxe5 13. Bxe5 Qe7 14. Nb5 Rfc8 15. Rxc8+ Rxc8 16. Nxa7 Ra8 17. Nb5 Bg4 18. Rc1 Bxe2 19. Rc7 Qf8 20. Bxf6 gxf6 21. Nd4 Bg4 22. h3 Bh5 23. Rxb7 Bc5 24. Nf3 Bxf3 25. Bxf3 Qd6 26. Kg2 Qe5 27. Qc2 Qd4 28. a3 Bb6 29. Bh5 1-0

[Event "Florianopolis op 9th"]
[Site "Florianopolis"]
[Date "2023.01.29"]
[Round "10"]
[White "Starke, Bruno Orlando"]
[Black "Tomiello, Lucas Costamilan"]
[Result "1-0"]
[WhiteElo "2100"]
[BlackElo "2263"]
[PlyCount "97"]
[EventDate "2023.01.23"]
[EventType "swiss"]
[EventRounds "10"]
[EventCountry "BRA"]
[SourceTitle "CBM 212 Extra"]
[Source "ChessBase"]
[SourceDate "2023.03.31"]
[SourceVersion "1"]
[SourceVersionDate "2023.03.31"]
[SourceQuality "1"]

1. Nf3 Nf6 2. c4 e6 3. g3 b6 4. Bg2 Bb7 5. 0-0 c5 6. Nc3 Be7 7. d4 cxd4 8. Qxd4 0-0 9. Bg5 d6 10. Bxf6 Bxf6 11. Qd3 Qe7 12. Rad1 Rd8 13. b3 Na6 14. Ne4 d5 15. cxd5 Rxd5 16. Qb1 Rad8 17. Rxd5 Bxd5 18. Rc1 Bxe4 19. Qxe4 Qa3 20. Rc2 Nb4 21. Rc7 Nxa2 22. Qb7 Nc3 23. Qxa7 Qxb3 24. Bf1 Rf8 25. Rb7 b5 26. Qb6 g6 27. h4 Qd1 28. Kg2 h6 29. e3 Qc2 30. Qc6 Qb2 31. Ne1 Nd5 32. Kg1 b4 33. Nd3 Qc3 34. Qb5 Qd2 35. e4 Nc3 36. Qxb4 Ne2+ 37. Bxe2 Qxe2 38. Rd7 Ra8 39. Kg2 Ra1 40. Nf4 Qf1+ 41. Kf3 Ra2 42. Qb8+ Kh7 43. Rxf7+ Bg7 44. Rxg7+ Kxg7 45. Qc7+ Kf8 46. Qc8+ Kg7 47. Qd7+ Kh8 48. Qe8+ Kg7 49. Qxg6+ 1-0

[Event "Florianopolis op 9th"]
[Site "Florianopolis"]
[Date "2023.01.26"]
[Round "5"]
[White "Mendes Domingues, Ribeiro Matheus"]
[Black "Starke, Bruno Orlando"]
[Result "1-0"]
[WhiteElo "2250"]
[BlackElo "2100"]
[PlyCount "71"]
[EventDate "2023.01.23"]
[EventType "swiss"]
[EventRounds "10"]
[EventCountry "BRA"]
[SourceTitle "CBM 212 Extra"]
[Source "ChessBase"]
[SourceDate "2023.03.31"]
[SourceVersion "1"]
[SourceVersionDate "2023.03.31"]
[SourceQuality "1"]

1. c4 Nf6 2. Nc3 e5 3. Nf3 Nc6 4. g3 d5 5. cxd5 Nxd5 6. Bg2 Nb6 7. 0-0 Be7 8. d3 0-0 9. Be3 f5 10. Na4 Bf6 11. Nd2 Nd4 12. Nc5 c6 13. Bxd4 exd4 14. Qb3+ Kh8 15. Ne6 Bxe6 16. Qxe6 g6 17. Bf3 Qe7 18. Qxe7 Bxe7 19. Nb3 Rfd8 20. Na5 Rd7 21. Nxc6 bxc6 22. Bxc6 Rb8 23. Bxd7 Nxd7 24. Rac1 Bc5 25. Rc2 a5 26. Rfc1 a4 27. b3 axb3 28. axb3 Rb5 29. b4 Bd6 30. Rc6 Be5 31. f4 Bb8 32. Re6 Kg8 33. Re7 Nf8 34. Rc6 Rxb4 35. Rf6 Rb2 36. Kf1 1-0

[Event "Florianopolis op 9th"]
[Site "Florianopolis"]
[Date "2023.01.26"]
[Round "6"]
[White "Starke, Bruno Orlando"]
[Black "De Paula, Luan Araujo"]
[Result "1/2-1/2"]
[WhiteElo "2100"]
[BlackElo "1747"]
[PlyCount "45"]
[EventDate "2023.01.23"]
[EventType "swiss"]
[EventRounds "10"]
[EventCountry "BRA"]
[SourceTitle "CBM 212 Extra"]
[Source "ChessBase"]
[SourceDate "2023.03.31"]
[SourceVersion "1"]
[SourceVersionDate "2023.03.31"]
[SourceQuality "1"]

1. Nf3 c6 2. c4 Nf6 3. g3 g6 4. Bg2 Bg7 5. 0-0 0-0 6. d4 d5 7. cxd5 cxd5 8. Nc3 Nc6 9. Ne5 Ne4 10. Nxc6 Nxc3 11. Nxe7+ Qxe7 12. bxc3 Be6 13. Qb3 Rfc8 14. Bd2 Rc6 15. a4 Rb6 16. Qa2 Rc8 17. Rfb1 Rxb1+ 18. Rxb1 Rc4 19. Rb5 a6 20. Rb3 Qd7 21. Qb1 Rxa4 22. Rb6 Ra3 23. Rb3 1/2-1/2

[Event "Florianopolis op 9th"]
[Site "Florianopolis"]
[Date "2023.01.24"]
[Round "2"]
[White "Starke, Bruno Orlando"]
[Black "Panazzolo, Paulo Victor"]
[Result "1-0"]
[WhiteElo "2100"]
[BlackElo "1788"]
[PlyCount "71"]
[EventDate "2023.01.23"]
[EventType "swiss"]
[EventRounds "10"]
[EventCountry "BRA"]
[SourceTitle "CBM 212 Extra"]
[Source "ChessBase"]
[SourceDate "2023.03.31"]
[SourceVersion "1"]
[SourceVersionDate "2023.03.31"]
[SourceQuality "1"]

1. d4 Nf6 2. c4 e6 3. Nf3 d5 4. g3 Be7 5. Bg2 0-0 6. 0-0 b6 7. Nc3 Bb7 8. Ne5 c6 9. Qc2 Nbd7 10. e4 dxe4 11. Rd1 Rc8 12. Nxe4 Nxe4 13. Nxd7 Qxd7 14. Bxe4 g6 15. Be3 Bf6 16. Rac1 Rfd8 17. h4 Qe7 18. c5 b5 19. b4 e5 20. dxe5 Bxe5 21. Re1 Qc7 22. Bg2 Re8 23. h5 Rcd8 24. hxg6 hxg6 25. Bg5 Ra8 26. a4 a6 27. Re4 Bg7 28. Rce1 Rxe4 29. Rxe4 f6 30. Bf4 Qf7 31. Qe2 g5 32. Re7 Qg6 33. Bd6 Qb1+ 34. Kh2 Qh7+ 35. Bh3 Bc8 36. Qa2+ 1-0

[Event "Florianopolis Spring op 2nd"]
[Site "Florianopolis"]
[Date "2022.10.23"]
[Round "6"]
[White "Desideri, Ricardo Maruchi"]
[Black "Starke, Bruno Orlando"]
[Result "0-1"]
[WhiteElo "1939"]
[BlackElo "2092"]
[PlyCount "54"]
[EventDate "2022.10.21"]
[EventType "swiss"]
[EventRounds "6"]
[EventCountry "BRA"]
[SourceTitle "EXT 2024"]
[Source "ChessBase"]
[SourceDate "2023.10.10"]
[SourceVersion "1"]
[SourceVersionDate "2023.10.10"]
[SourceQuality "1"]

1. e4 c5 2. Nf3 e6 3. d4 cxd4 4. Nxd4 Nc6 5. Nc3 Qc7 6. Be3 a6 7. Qd2 Nf6 8. Bd3 b5 9. a3 Bb7 10. f3 Rc8 11. Nb3 Ne5 12. Qf2 d5 13. Bb6 Qb8 14. exd5 Nxd5 15. Bd4 Nxd3+ 16. cxd3 e5 17. Ba7 Qa8 18. Ne4 Nf4 19. Rd1 Bd5 20. Na5 Nxg2+ 21. Kf1 Nf4 22. h4 Be7 23. Be3 f5 24. Bxf4 exf4 25. Nd2 0-0 26. Nab3 Rc2 27. Qe1 Bf6 0-1

[Event "Florianopolis Spring op 2nd"]
[Site "Florianopolis"]
[Date "2022.10.21"]
[Round "1"]
[White "Starke, Bruno Orlando"]
[Black "Luz, Christian Oliveira"]
[Result "1-0"]
[WhiteElo "2092"]
[BlackElo "1547"]
[PlyCount "109"]
[EventDate "2022.10.21"]
[EventType "swiss"]
[EventRounds "6"]
[EventCountry "BRA"]
[SourceTitle "EXT 2024"]
[Source "ChessBase"]
[SourceDate "2023.10.10"]
[SourceVersion "1"]
[SourceVersionDate "2023.10.10"]
[SourceQuality "1"]

1. d4 c5 2. d5 e5 3. e4 d6 4. Nc3 a6 5. a4 Be7 6. Nf3 Bg4 7. Be3 Bxf3 8. Qxf3 Bg5 9. g3 Bxe3 10. Qxe3 Ne7 11. f4 Ng6 12. f5 Ne7 13. f6 Ng6 14. fxg7 Rg8 15. Qh6 Qf6 16. Qxh7 Rxg7 17. Qh6 Qf3 18. Qxg7 Qxh1 19. Qh6 Qf3 20. Qd2 Nd7 21. Qe2 Qxe2+ 22. Kxe2 Rb8 23. Kf2 Nf6 24. Be2 Ke7 25. a5 Rf8 26. Ra3 Kd7 27. Bf3 Kc8 28. Nd1 Ne8 29. Ne3 Nc7 30. Nf5 Nb5 31. Rb3 Kc7 32. c3 f6 33. Be2 Na7 34. h4 Nc8 35. c4 Nge7 36. Ng7 Rf7 37. Ne6+ Kb8 38. Rxb7+ Kxb7 39. Nd8+ Kc7 40. Nxf7 Ng6 41. Bg4 Nce7 42. Ke3 Nf8 43. Kd3 Nh7 44. Kc3 f5 45. Bxf5 Nxf5 46. exf5 Nf6 47. Kd3 Kd7 48. Nh6 Ke7 49. g4 Kf8 50. g5 Nh5 51. f6 Nf4+ 52. Ke4 Ng6 53. h5 Nf4 54. g6 Nxh5 55. g7+ 1-0

[Event "Timbo U2200 op 2nd"]
[Site "Timbo"]
[Date "2022.08.13"]
[Round "3"]
[White "Franca, Willian Bento"]
[Black "Starke, Bruno Orlando"]
[Result "1-0"]
[WhiteElo "2179"]
[BlackElo "2081"]
[PlyCount "57"]
[EventDate "2022.08.12"]
[EventType "swiss"]
[EventRounds "6"]
[EventCountry "BRA"]
[SourceTitle "EXT 2024"]
[Source "ChessBase"]
[SourceDate "2023.10.10"]
[SourceVersion "1"]
[SourceVersionDate "2023.10.10"]
[SourceQuality "1"]

1. c4 e6 2. Nf3 d5 3. e3 Nf6 4. b3 Be7 5. Bb2 0-0 6. Be2 c5 7. 0-0 Nc6 8. cxd5 Nxd5 9. a3 b6 10. Qc2 Bb7 11. Nc3 Rc8 12. Ne4 h6 13. Rac1 Qc7 14. Qb1 Rfd8 15. d4 cxd4 16. Nxd4 Qb8 17. Nf3 Qa8 18. Qa1 Bf8 19. Ng3 Na5 20. Rxc8 Rxc8 21. Bd1 Ne7 22. Nh5 Nf5 23. Ne1 f6 24. Bxf6 gxf6 25. Qxf6 Rc7 26. Qxe6+ Rf7 27. Nf6+ Kg7 28. Ne8+ Kg8 29. Bh5 1-0

[Event "Timbo U2200 op 2nd"]
[Site "Timbo"]
[Date "2022.08.13"]
[Round "4"]
[White "Starke, Bruno Orlando"]
[Black "Pavao, Fabio Biasi"]
[Result "1-0"]
[WhiteElo "2081"]
[BlackElo "1778"]
[PlyCount "55"]
[EventDate "2022.08.12"]
[EventType "swiss"]
[EventRounds "6"]
[EventCountry "BRA"]
[SourceTitle "EXT 2024"]
[Source "ChessBase"]
[SourceDate "2023.10.10"]
[SourceVersion "1"]
[SourceVersionDate "2023.10.10"]
[SourceQuality "1"]

1. Nf3 g6 2. d4 Bg7 3. e4 c5 4. d5 d6 5. h3 Nf6 6. Nc3 0-0 7. Bf4 a6 8. a4 Qa5 9. Nd2 Qb4 10. Qc1 Nh5 11. Be3 Qa5 12. Be2 Nf6 13. 0-0 e6 14. Nc4 Qd8 15. a5 exd5 16. exd5 b5 17. axb6 a5 18. Qd2 Bb7 19. Bf4 Ne8 20. Nb5 Na6 21. c3 Qd7 22. Ra4 Nf6 23. Bf3 Rfe8 24. Nbxd6 Re7 25. Nxb7 Qxb7 26. d6 Ne4 27. dxe7 Nxd2 28. Bxb7 1-0

[Event "Timbo U2200 op 2nd"]
[Site "Timbo"]
[Date "2022.08.13"]
[Round "2"]
[White "Starke, Bruno Orlando"]
[Black "Zanghelini, Cristian Silnei"]
[Result "1-0"]
[WhiteElo "2081"]
[BlackElo "1818"]
[PlyCount "127"]
[EventDate "2022.08.12"]
[EventType "swiss"]
[EventRounds "6"]
[EventCountry "BRA"]
[SourceTitle "EXT 2024"]
[Source "ChessBase"]
[SourceDate "2023.10.10"]
[SourceVersion "1"]
[SourceVersionDate "2023.10.10"]
[SourceQuality "1"]

1. d4 Nf6 2. c4 g6 3. Nc3 Bg7 4. e4 d6 5. h3 0-0 6. Be3 c5 7. Nf3 a6 8. Qd2 Nbd7 9. Be2 b5 10. cxb5 axb5 11. Bxb5 Qb6 12. Bxd7 Nxd7 13. 0-0 e6 14. Rfd1 Bb7 15. Bh6 Rfc8 16. Bxg7 Kxg7 17. Rab1 Nf6 18. Qe3 cxd4 19. Qxd4 Qxd4 20. Rxd4 Rxc3 21. bxc3 Bxe4 22. Rb2 Ra3 23. Nd2 Bc6 24. Nb1 Ra5 25. Rxd6 Rc5 26. f3 Nd5 27. Rd8 Bb5 28. Kh2 h5 29. Rb8 Bd3 30. a4 Ra5 31. c4 Bxc4 32. Rc8 Rxa4 33. Nd2 Bd3 34. Rd8 h4 35. Rd7 g5 36. Rbb7 Bg6 37. Ne4 Nf6 38. Nxf6 Kxf6 39. Rd2 Ra3 40. Rb4 Bf5 41. f4 g4 42. hxg4 Bxg4 43. Rb8 Kf5 44. Rb5+ Kf6 45. Rg5 Rg3 46. Rd8 Ke7 47. Rdg8 f5 48. Rh8 Re3 49. Rxh4 Re4 50. Kg3 Re3+ 51. Kf2 Re2+ 52. Kf1 Re4 53. g3 Re3 54. Kf2 Re2+ 55. Kf1 Re3 56. Rhxg4 fxg4 57. Kf2 Ra3 58. Rxg4 Kf6 59. Rg5 Rb3 60. Re5 Ra3 61. Kg2 Rb3 62. Kh3 Rb8 63. Kh4 Re8 64. Kh5 1-0

[Event "Florianopolis Autumn op U2300"]
[Site "Florianopolis"]
[Date "2022.05.13"]
[Round "1"]
[White "Pavao, Fabio Biasi"]
[Black "Starke, Bruno Orlando"]
[Result "0-1"]
[WhiteElo "1786"]
[BlackElo "2085"]
[PlyCount "58"]
[EventDate "2022.05.13"]
[EventType "swiss"]
[EventRounds "6"]
[EventCountry "BRA"]
[SourceTitle "CBM 208 Extra"]
[Source "ChessBase"]
[SourceDate "2022.07.31"]
[SourceVersion "1"]
[SourceVersionDate "2022.07.31"]
[SourceQuality "1"]

1. c4 e6 2. Nf3 d5 3. g3 d4 4. d3 Nf6 5. Bg2 c5 6. 0-0 Be7 7. e3 Nc6 8. exd4 cxd4 9. Na3 0-0 10. Nc2 Re8 11. a3 a5 12. b3 e5 13. Re1 Bf8 14. Bg5 Bf5 15. Nh4 Bd7 16. Rb1 h6 17. Bxf6 Qxf6 18. b4 axb4 19. axb4 Ra2 20. b5 Na5 21. Nb4 Bxb4 22. Rxb4 Qxf2+ 23. Kh1 Bg4 24. Rf1 Bxd1 25. Rxf2 Rxf2 26. Rb1 Bg4 27. Kg1 Rc2 28. Bd5 b6 29. Rf1 Be6 0-1

[Event "Timbo op 2nd"]
[Site "Timbo"]
[Date "2022.02.19"]
[Round "4"]
[White "Starke, Bruno Orlando"]
[Black "Segato, Pedro Henrique Pedr"]
[Result "1-0"]
[WhiteElo "2139"]
[BlackElo "1974"]
[PlyCount "83"]
[EventDate "2022.02.17"]
[EventType "swiss"]
[EventRounds "7"]
[EventCountry "BRA"]
[SourceTitle "EXT 2023"]
[Source "ChessBase"]
[SourceDate "2022.10.05"]
[SourceVersion "1"]
[SourceVersionDate "2022.10.05"]
[SourceQuality "1"]

1. Nf3 Nf6 2. c4 e6 3. d4 d5 4. g3 Be7 5. Bg2 0-0 6. 0-0 dxc4 7. Ne5 Nc6 8. Bxc6 bxc6 9. Nxc6 Qd6 10. Nxe7+ Qxe7 11. Qa4 Bb7 12. Qxc4 Rac8 13. b3 Qd7 14. Ba3 Rfe8 15. Nc3 e5 16. dxe5 Rxe5 17. f3 c5 18. e4 Qc6 19. Qb5 Qc7 20. Qe2 Qa5 21. Qb2 Ree8 22. Rad1 Ba6 23. Rf2 h5 24. Rfd2 c4 25. b4 Qg5 26. Rd6 Qe3+ 27. Kg2 Bb7 28. Qd2 Rxe4 29. fxe4 Bxe4+ 30. Nxe4 Qxe4+ 31. Kg1 c3 32. Qd3 c2 33. Rc1 Qe5 34. Rd8+ Rxd8 35. Qxd8+ Kh7 36. Qd3+ Ne4 37. Rxc2 f5 38. Bb2 Qb8 39. Qd4 Nf6 40. Qf4 Qb6+ 41. Bd4 Qc6 42. Bxf6 1-0

[Event "Timbo op 2nd"]
[Site "Timbo"]
[Date "2022.02.18"]
[Round "3"]
[White "Kim, Thiago"]
[Black "Starke, Bruno Orlando"]
[Result "1/2-1/2"]
[WhiteElo "1943"]
[BlackElo "2139"]
[PlyCount "138"]
[EventDate "2022.02.17"]
[EventType "swiss"]
[EventRounds "7"]
[EventCountry "BRA"]
[SourceTitle "EXT 2023"]
[Source "ChessBase"]
[SourceDate "2022.10.05"]
[SourceVersion "1"]
[SourceVersionDate "2022.10.05"]
[SourceQuality "1"]

1. e4 c5 2. Nf3 e6 3. d4 cxd4 4. Nxd4 Nc6 5. Nc3 Qc7 6. Be3 a6 7. Qf3 Nf6 8. 0-0-0 Nxd4 9. Bxd4 e5 10. Be3 Bb4 11. Nd5 Nxd5 12. exd5 d6 13. Bd3 Bc5 14. Bxc5 Qxc5 15. Qg3 0-0 16. f4 exf4 17. Qxf4 Bd7 18. h4 Rae8 19. Rhf1 Qe3+ 20. Kb1 Qxf4 21. Rxf4 Re5 22. Rb4 b5 23. a4 a5 24. Bxb5 axb4 25. Bxd7 Re4 26. Bc6 Rc8 27. a5 Rc7 28. a6 Ra7 29. Bb7 b3 30. cxb3 Rb4 31. Rc1 Kf8 32. Rc7 Rxb3 33. Kc2 Rb6 34. Rc6 Rbxb7 35. axb7 Rxb7 36. Rxd6 Ke7 37. Rc6 Kd7 38. Rc3 Rb5 39. Rc4 Kd6 40. Rd4 Rc5+ 41. Kd3 Rb5 42. b4 Rb7 43. Kc4 Rc7+ 44. Kb5 f5 45. Ka6 Rc3 46. g4 Ra3+ 47. Kb7 fxg4 48. Rxg4 g6 49. b5 Rb3 50. Kb6 Kxd5 51. h5 gxh5 52. Rg5+ Kd6 53. Rxh5 Kd7 54. Rxh7+ Kc8 55. Rh8+ Kd7 56. Ra8 Rb1 57. Ra7+ Kc8 58. Rc7+ Kb8 59. Rc5 Rh1 60. Rc6 Rh7 61. Rg6 Rh8 62. Ka6 Rf8 63. b6 Rh8 64. b7 Rf8 65. Re6 Rh8 66. Kb6 Rh6 67. Rc6 Rh8 68. Rd6 Rh6 69. Rc6 Rh8 1/2-1/2

[Event "Florianopolis op 8th"]
[Site "Florianopolis"]
[Date "2022.01.26"]
[Round "4"]
[White "Starke, Bruno Orlando"]
[Black "Feller, Gabriela Luisa Vice"]
[Result "1/2-1/2"]
[WhiteElo "2139"]
[BlackElo "1864"]
[PlyCount "136"]
[EventDate "2022.01.24"]
[EventType "swiss"]
[EventRounds "10"]
[EventCountry "BRA"]
[SourceTitle "CBM 206 Extra"]
[Source "ChessBase"]
[SourceDate "2022.03.31"]
[SourceVersion "1"]
[SourceVersionDate "2022.03.31"]
[SourceQuality "1"]

1. e4 c6 2. d4 d5 3. exd5 cxd5 4. Bd3 Nc6 5. c3 Nf6 6. Bf4 Bg4 7. Qb3 Qc8 8. Nd2 e6 9. Ngf3 Be7 10. h3 Bh5 11. 0-0 0-0 12. Rfe1 a6 13. a4 Na5 14. Qc2 Nc4 15. Bxc4 dxc4 16. a5 Nd5 17. Bg3 Bxf3 18. Nxf3 Rd8 19. Ra4 b5 20. axb6 Nxb6 21. Ra5 Rd5 22. Rea1 Bd8 23. Qe2 Rb5 24. R5a2 a5 25. Nd2 Qc6 26. Ne4 Be7 27. Be5 Nd7 28. Bf4 e5 29. dxe5 Nxe5 30. Nd2 Nd3 31. Qxe7 Nxf4 32. Qe4 Qxe4 33. Nxe4 Nd3 34. Nd6 Rxb2 35. Nxc4 Rxa2 36. Rxa2 a4 37. Nb6 Ra6 38. Rxa4 Rxa4 39. Nxa4 Kf8 40. Kf1 Ke7 41. Ke2 Ne5 42. Ke3 Kd6 43. Kd4 g5 44. c4 Nc6+ 45. Ke4 Ne7 46. g4 f6 47. Nb6 Ng6 48. Nd5 Ke6 49. c5 Nh4 50. c6 f5+ 51. Kd4 fxg4 52. hxg4 Nf3+ 53. Kc5 Ne5 54. Ne3 Nd3+ 55. Kb6 Kd6 56. Nf5+ Ke6 57. Kb7 Nc5+ 58. Kc8 Kd5 59. Ne7+ Kd6 60. Kd8 Ne6+ 61. Ke8 Nc5 62. Kf7 Nd3 63. f3 Ne5+ 64. Ke8 Kc7 65. Nd5+ Kxc6 66. Nf6 Nxf3 67. Nxh7 Ne5 68. Nxg5 Nxg4 1/2-1/2